Water in Texas (Record no. 21839)
[ view plain ]
| 000 -LEADER | |
|---|---|
| fixed length control field | 01854nam a2200397 a 4500 |
| 082 04 - DEWEY DECIMAL CLASSIFICATION NUMBER | |
| Classification number | 363.6/109764 |
| 100 1# - MAIN ENTRY--AUTHOR NAME | |
| Personal name | Sansom, Andrew. |
| 245 10 - TITLE STATEMENT | |
| Title | Water in Texas |
| 250 ## - EDITION STATEMENT | |
| Edition statement | 1st ed. |
| 260 ## - PUBLICATION, DISTRIBUTION, ETC. (IMPRINT) | |
| Place of publication | Austin : |
| Name of publisher | University of Texas Press, |
| Year of publication | 2008. |
| 300 ## - PHYSICAL DESCRIPTION | |
| Number of Pages | xii, 319 p. : |
| Other physical details | ill. (chiefly col.), col. maps. |
| 490 1# - SERIES STATEMENT | |
| Series statement | Texas natural history guides |
| 505 0# - FORMATTED CONTENTS NOTE | |
| Formatted contents note | Introduction: Living with a Limited Resource -- The Molecule That Moves Mountains -- A Texas Water Journey -- The Gulf Shores of Texas -- Who's Who in Water -- Texas Water Law: A Blend of Two Cultures -- Does Texas Have Enough Water? -- Planning for the Future -- What's in Your Water? -- How Much Is Water Worth? -- Water Is Our Legacy. |
| 650 #0 - SUBJECT ADDED ENTRY--TOPICAL TERM | |
| Topical Term | Water |
| Topical Term | Water-supply |
| 700 1# - ADDED ENTRY--PERSONAL NAME | |
| Personal name | Armitano, Emily R. |
| Personal name | Wassenich, Tom, |
| 856 40 - ELECTRONIC LOCATION AND ACCESS | |
| Uniform Resource Identifier | http://site.ebrary.com/lib/rucke/Doc?id=10273749 |
No items available.
